000 00340nam a22001217a 4500
008 160503b xxu||||| |||| 00| 0 eng d
020 _a2900763729317
020 _a0763729310
041 _aeng
080 _a61
245 _aGenetics analysis of genes and genomes :
_cDaniel L. hartl; Elizabeth W. Jones; Elena R. Lozovsky;
942 _2udc
_cBK
999 _c1753
_d1753